Loading...
Sameeksha ke naye prathiman
| Hovedforfatter: | |
|---|---|
| Format: | Printed Book |
| Udgivet: |
Lucknow, Navayug Grandhagar
1978
|
| Fag: |
| LEADER | 005530000a22001810004500 | ||
|---|---|---|---|
| 022 | |a 25-07-2004 | ||
| 041 | |a Hindi | ||
| 082 | |a 891.431 009 DIV/S L8 | ||
| 100 | |a Divakar, Shiv Prasad Srotriya | ||
| 245 | |a Sameeksha ke naye prathiman | ||
| 260 | |a Lucknow, Navayug Grandhagar | ||
| 260 | |c 1978 | ||
| 650 | |a Criticism | ||
| 650 | |a Hindi literature | ||
| 650 | |a Poetry | ||
| 942 | |c BK | ||
| 999 | |c 145252 |d 145248 | ||
| 952 | |0 0 |1 0 |4 0 |6 891_431000000000000_009_DIV_S_L8 |7 0 |9 144027 |a SCC |b SCC |d 2017-10-11 |l 0 |o 891.431 009 DIV/S L8 |p SCC05200 |r 2017-10-11 |w 2017-10-11 |y BK | ||